Vedecký kolektív a informačný pracovník

Bibliographic Details
Main Author: Sedláčková, Lýdia, 1948- (Author)
Format: Article
Language:Slovak
Subjects:

MARC

LEADER 00000nab a2200000 a 4500
001 vtls000053111
003 SK-MaSNL
005 20260304175451.0
008 250423c1980 xo 0 slo
015 |a SNBRB19rr/mm-uuuuu 
035 |a CL0063208 
035 |a urn:nbn:sk:snk-abb8lw 
035 |a (urnnbn)urn:nbn:sk:snk:ar-004c2z 
035 |a (uuid)3297c618-46c3-44e2-a884-e180b7cb1d77 
040 |a SNKBUCL  |b slo  |c SNKBUCL  |e AACR2 
041 0 |a slo 
044 |a xo  |c SK 
080 |a 025.52  |2 1981 
080 |a 001.8  |2 1981 
100 1 |a Sedláčková, Lýdia,  |d 1948-  |4 aut  |9 93074 
245 1 0 |a Vedecký kolektív a informačný pracovník  |c Lýdia Sedláčková 
650 0 7 |a vedecký výskum  |2 snkbucl  |9 4237 
650 0 7 |a pracovníci informační  |2 snkbucl  |9 292403 
650 0 7 |a služby informačné  |2 snkbucl  |9 884441 
650 0 7 |a potreby informačné  |2 snkbucl  |9 930355 
655 7 |a články z novín a časopisov  |2 snkbucl  |9 267496 
655 7 |a články z odboru knihovníctvo  |2 snkbucl  |9 166141 
773 0 |t Knižnice a vedecké informácie  |g Roč. 12, č. 1 (1980), s. 33-36 
850 |a Slovenská národná knižnica 
852 |a Slovenská národná knižnica 
954 |a odborná, vedecká literatúra pôvodná (slovenská)  |2 lita 
958 |a article15 
958 |a RK 
958 |a KL 
958 |a OND 
958 |a EUIPO 
992 |a RBX 
999 |c 3013613  |d 3015543